| 000 | 00395nam a2200157Ia 4500 | ||
|---|---|---|---|
| 008 | 230917s9999||||xx |||||||||||||| ||und|| | ||
| 040 |
_e229494 _aMAIN |
||
| 041 | _aEnglish | ||
| 082 | _a621.46 B51G(5) | ||
| 100 | _aBimbhra, P S | ||
| 245 | 0 | _aGeneralized theory of electrical machines | |
| 250 | _a5th ed. | ||
| 260 |
_aDelhi _bKhanna Publishers _c2014 |
||
| 300 | _a1151 p. | ||
| 942 | _cBK | ||
| 999 |
_c180410 _d180410 |
||